Geology and ore deposits of the Jerome area, Yavapai County, Arizona /

Bibliographic Details
Main Authors: Anderson, Charles A. (Charles Alfred), 1902-1990, Creasey, S. C. (Saville Cyrus), 1917- (Author)
Format: Government Document Book
Language:English
Published: Washington : U.S. Govt. Print. Off, 1958.
Series:Professional paper (Geological Survey (U.S.)) ; 308.
Subjects:

MARC

Tag First Indicator Second Indicator Subfields
LEADER 00000cam a22000001 4500
001 in00002784446
005 20151202172122.0
008 780715s1958 dcuab b f000 0 eng
010 |a gs 58000208  
035 |a (OCoLC)ocm04055372 
035 |a (OCoLC)4055372 
040 |a DLC  |c CSU  |d DLC  |d OWU  |d OCLCQ  |d BTCTA  |d OCLCG  |d OCLCQ  |d UtOrBLW 
043 |a n-us-az 
049 |a TXAM 
050 0 0 |a QE75  |b .P9 no. 308 
082 0 |a 557.91 
086 0 |a I 19.16:308 
100 1 |a Anderson, Charles A.  |q (Charles Alfred),  |d 1902-1990. 
245 1 0 |a Geology and ore deposits of the Jerome area, Yavapai County, Arizona /  |c by C.A. Anderson and S.C. Creasey. With sections on the United Verde Extension mine, by G.W.H. Norman, and on the Cherry Creek mining district, by R.E. Lehner. 
264 1 |a Washington :  |b U.S. Govt. Print. Off,  |c 1958. 
300 |a vi, 185 pages :  |b illustrations, maps. ;  |c 29 cm. 
336 |a text  |b txt  |2 rdacontent 
337 |a unmediated  |b n  |2 rdamedia 
338 |a volume  |b nc  |2 rdacarrier 
490 1 |a Geological Survey (U.S.). Professional paper ;  |v 308 
500 |a Part of illustrative matter folded and colored in pocket. 
504 |a Bibliography: pages 178-181. 
650 0 |a Geology  |z Arizona  |z Yavapai County. 
650 0 |a Ore deposits  |z Arizona  |z Yavapai County. 
700 1 |a Creasey, S. C.  |q (Saville Cyrus),  |d 1917-  |e author. 
830 0 |a Professional paper (Geological Survey (U.S.)) ;  |v 308. 
948 |a cataloged  |b h  |c 2012/12/17  |d c  |e mvaldespin  |f 12:45:51 pm 
994 |a C0  |b TXA 
999 |a MARS 
999 f f |s 4a57ceb5-d4dc-36d7-876e-c31d38937b18  |i 37cea675-3417-3d75-aced-726539d47986  |t 0 
952 f f |p normal  |a Texas A&M University  |b College Station  |c Sterling C. Evans Library  |d Evans: US Documents (Annex 5th floor)  |t 0  |e I 19.16:306-308  |h Superintendent of Documents classification  |i unmediated -- volume  |m A14815244111 
952 f f |a Texas A&M University  |b College Station  |c Sterling C. Evans Library  |d Evans: US Documents (Annex 5th floor)  |t 0  |e I 19.16:306-308  |h Superintendent of Documents classification 
998 f f |a I 19.16:306-308  |t 0  |l Evans: US Documents (Annex 5th floor)